Päťdesiate výročie kňazstva Imricha Esterházyho

Titel: Päťdesiate výročie kňazstva Imricha Esterházyho : Niekoĺko poznámok k takmer zabudnutej barokovej slávnosti v Bratislave
Verfasser:
Beteiligt:
In: Orbis artium, (2009), Seite 521-537
alle Artikel anzeigen
Veröffentlicht: 2009
Format: Aufsatz
Sprache: Slawische Sprachen
Kein Bild verfügbar
X
alg: 39339667
001A    $01999:12-11-16 
001B    $01999:28-04-17 $t15:49:40.000 
001D    $01999:12-11-16 
001U    $0utf8 
001X    $00 
002@    $0Aox 
003@    $0393396673 
007A    $0393396673 $aHEB 
007T    $0Herdpp168226 
010@    $asla 
011@    $a2009 
021A    $aPäťdesiate výročie kňazstva Imricha Esterházyho $dNiekoĺko poznámok k takmer zabudnutej barokovej slávnosti v Bratislave 
028A    $aChmelinová $dKatarína 
028B/01 $aRagač $dRadoslav 
031A    $h521-537 $j2009 
037A    $aRés. angl. s. 534-535: The Fiftieth Anniversary of Priesthood of Imrich Eszterházy. Several Remarks on Nearly Forgotten Baroque Celebration in Bratislava 
039B    $aIn $8--Aau--. @Orbis artium. - Brno : Masarykova univerzita, 2009. - 846, [1] S.. - Ill. - ISBN 978-80-210-4972-7 $x200900000000000479 $9222799129 

lok: 39339667 78

exp: 39339667 78 1 #EPN
201B/01 $005-12-17 $t23:52:50.000 
201U/01 $0utf8 
203@/01 $0789507099 
208@/01 $a12-11-16 $be 
209A/01 $a/ $f000 $x00 
220C/01 $aHerkunft: Hú Av Čr Praha 
244Z/01 $2Trx $#Slowakische Republik $#Szlovák Köztársaság $#Republika Słowacka $#Slovenská Republika $#Slovensko $#Slowakei $#Słowacja $#Slovensko $8--Trx--Slovenská Republika $x01 $9391345796 
244Z/01 $2Trx $#Ungari $#Vengrija $#Ungārija $#Ungarn $#Hungary $#Węgry $#Maďarsko $#Maďarsko $#Uhorsko $#Uhersko;Uhry $8--Trx--Magyarország $x02 $9391197150 
244Z/01 $#Bratysława $#Brezalauspurc $#Hlavné Mesto SR Bratislava $#Preßburg $#Preßburg 1919- $#Pozsony 1919- $#Pisonium $#Posonium $#Pozsony $#Pressburg $#Posony $#Posonii $71063318696 $8--Tg1--Bratislava $x03 $9351201084 
244Z/01 $aGeschichte 1738 $x04 
244Z/01 $2Trx $#Esterházy, Emmerich $8--Trx--Esterházy, Imre$Z1663-1745 $x05 $939095375X 
244Z/01 $aměsta slovenská $x06 
244Z/01 $2Trx $#pidustused $#šventės $#Celebrations $#ünnepek $#uroczystości $#slávnosti, sviatky $#slavnosti $8--Trx--Feste $x07 $939136636X 
244Z/01 $2Trx $#peapiiskopid, rooma-katolikud $#arkivyskupai, Romos katalikų $#Catholic archbishops $#érsekek, római-katolikus $#arcybiskupi $#arcibiskupi rímsko-katolícki $#arcibiskupové římsko-katoličtí $8--Trx--Erzbischöfe, römisch-katholische $x08 $9391373404 
244Z/01 $2Trx $8--Trx--Einzelbeiträge $x09 $9391384570 
247C/01 $82080>Marburg/Lahn, Herder-Institut, Forschungsbibliothek, Bibliographieportal $9336309341
LEADER 00000caa a22000002c 4500
001 393396673
003 DE-603
005 20170428154940.0
007 tu
008 161112s2009 xx |||| | u00||u|sla c
035 |a (DE-599)HEB393396673 
040 |a DE-603  |b ger  |c DE-603  |d DE-603 
041 |a sla 
100 1 |a Chmelinová, Katarína 
245 0 0 |a Päťdesiate výročie kňazstva Imricha Esterházyho  |b Niekoĺko poznámok k takmer zabudnutej barokovej slávnosti v Bratislave 
264 0 |c 2009 
500 |a Rés. angl. s. 534-535: The Fiftieth Anniversary of Priesthood of Imrich Eszterházy. Several Remarks on Nearly Forgotten Baroque Celebration in Bratislava 
700 1 |a Ragač, Radoslav 
773 0 8 |i In  |t Orbis artium  |d Brno : Masarykova univerzita, 2009  |h 846, [1] S., Ill  |z 9788021049727  |z 8021049723  |g (2009), Seite 521-537  |w (DE-603)222799129 
924 0 |9 2080  |a (DE-603)789507099  |b DE-2080  |c HES  |d d  |g /